[Event "DVM U14w 2013"]
[Site "Oberbernhards-Hilders GER"]
[Date "2014.06.29"]
[Round "7"]
[White "Peil, Celine"]
[Black "Schilay, Eva"]
[Result "1-0"]
[Termination "normal"]
[Board "6.2"]
[WhiteElo "1349"]
[BlackElo "1232"]
[WhiteTeam "USG Chemnitz"]
[BlackTeam "SK Neumarkt"]
[PlyCount "105"]
[WhiteFideId "12942219"]
[BlackFideId "12930164"]
[EventCountry "GER"]
[EventRounds "7"]
[EventType "team-swiss"]
[EventDate "2013.12.26"]

1. e4 d5 2. exd5 Qxd5 3. Nc3 Qd6 4. Nf3 a6 5. d4 b5 6. a3 Bb7 7. Be3 e6 8. g3
Nf6 9. Bg2 Nbd7 10. O-O Be7 11. Re1 O-O 12. Qd3 Rfd8 13. Rad1 Nd5 14. Nxd5 Bxd5
15. Bf4 Qb6 16. Ng5 Bxg5 17. Bxg5 Re8 18. Bf4 Rac8 19. Qd2 c5 20. Bxd5 exd5 21.
Rxe8+ Rxe8 22. dxc5 Nxc5 23. Qxd5 Na4 24. Be5 Qg6 25. Rd2 h6 26. Qd4 Rc8 27.
Qd3 Qxd3 28. cxd3 Rd8 29. d4 f6 30. Bc7 Rd7 31. Ba5 Rd6 32. Kf1 Kf7 33. b3 Nb6
34. Bxb6 Rxb6 35. Ke2 Rd6 36. Kd3 Ke6 37. Re2+ Kf7 38. Rc2 Ke6 39. Rc5 g6 40.
h4 Kd7 41. Rc2 Ke6 42. Rc8 Kf7 43. Rc7+ Ke6 44. g4 h5 45. gxh5 gxh5 46. Rh7 Rd5
47. Ke4 a5 48. Re7+ Kd6 49. Rd7+ Kxd7 50. Kxd5 b4 51. axb4 axb4 52. Kc5 f5 53.
Kxb4 1-0

[Event "DVM U14w 2013"]
[Site "Oberbernhards-Hilders GER"]
[Date "2014.06.29"]
[Round "7"]
[White "Schilay, Maria"]
[Black "Fuchs, Joline"]
[Result "0-1"]
[Termination "normal"]
[Board "6.3"]
[WhiteElo "1090"]
[BlackElo "1175"]
[WhiteTeam "SK Neumarkt"]
[BlackTeam "USG Chemnitz"]
[PlyCount "80"]
[WhiteFideId "12942979"]
[BlackFideId "12964506"]
[EventCountry "GER"]
[EventRounds "7"]
[EventType "team-swiss"]
[EventDate "2013.12.26"]

1. d4 g6 2. Nf3 Nf6 3. Bf4 d6 4. e3 Bg7 5. Nbd2 O-O 6. c3 b6 7. Bd3 c5 8. h3
Nc6 9. g4 e5 10. Bb5 Bb7 11. Bg3 Qe7 12. g5 Nd7 13. Kf1 exd4 14. exd4 cxd4 15.
cxd4 Nxd4 16. Bxd7 Qxd7 17. Rc1 Qb5+ 18. Kg1 Qe2 19. Nxd4 Qxd1+ 20. Rxd1 Bxh1
21. Kxh1 Bxd4 22. Bxd6 Rfd8 23. Bg3 Bxb2 24. Kg2 Bc3 25. Bf4 Rd3 26. Kf1 Rad8
27. Ke2 a5 28. Be3 b5 29. Ke1 a4 30. Ke2 b4 31. Kf1 Bxd2 32. Bxd2 Rxd2 33. Re1
b3 34. a3 b2 35. h4 Rd1 36. Rxd1 Rxd1+ 37. Kg2 b1=Q 38. h5 Rg1+ 39. Kh2 Qf1 40.
hxg6 Qg2# 0-1

[Event "DVM U14w 2013"]
[Site "Oberbernhards-Hilders GER"]
[Date "2014.06.29"]
[Round "7"]
[White "Wienhold, Nadine"]
[Black "Held, Fabienne"]
[Result "0-1"]
[Termination "normal"]
[Board "6.4"]
[WhiteElo "1222"]
[BlackElo "882"]
[WhiteTeam "USG Chemnitz"]
[BlackTeam "SK Neumarkt"]
[PlyCount "178"]
[WhiteFideId "12964514"]
[BlackFideId "12964670"]
[EventCountry "GER"]
[EventRounds "7"]
[EventType "team-swiss"]
[EventDate "2013.12.26"]

1. c4 e5 2. Nc3 Nc6 3. g3 g6 4. Bg2 Bg7 5. Nf3 d6 6. a3 Be6 7. d3 Qd7 8. Ng5
Bf5 9. O-O Nf6 10. Bd2 O-O 11. Qc1 Nd4 12. Qd1 Bg4 13. b4 Rab8 14. Rb1 Ne6 15.
Nge4 Nxe4 16. Nxe4 f5 17. Ng5 Qe7 18. Nxe6 Qxe6 19. Bd5 Qxd5 20. cxd5 Bh3 21.
Re1 f4 22. f3 fxg3 23. hxg3 Rf7 24. Kh2 Bd7 25. Rf1 Rbf8 26. Rc1 c6 27. dxc6
bxc6 28. Be3 a6 29. Qd2 h5 30. Bh6 Rf5 31. Bxg7 Kxg7 32. f4 Rh8 33. fxe5 Rxe5
34. Qa2 Be6 35. Qb2 h4 36. gxh4 Rxh4+ 37. Kg3 Rg4+ 38. Kf2 Kg8 39. Rxc6 Rgg5
40. Rg1 Ref5+ 41. Ke3 Rxg1 42. Rc7 Re5+ 43. Kf2 Rh1 44. Kg2 Bd5+ 45. Kg3 Rg1+
46. Kf2 Rh1 47. Rc8+ Kh7 48. Rc7+ Kg8 49. e4 Rh2+ 50. Kf3 Rxb2 51. exd5 Rb1 52.
Rc6 Rf1+ 53. Kg2 Rf7 54. Rc8+ Kg7 55. Rc6 Rg5+ 56. Kh2 Rf8 57. Rc7+ Kh8 58. Rc6
Rf4 59. Rc8+ Kg7 60. Rc7+ Kh6 61. Kh3 Rfg4 62. Rc2 Kh5 63. Rc4 Rxc4 64. dxc4
Rf5 65. Kg3 g5 66. b5 axb5 67. cxb5 Rxd5 68. a4 Rc5 69. b6 Rc8 70. a5 Rb8 71.
Kf3 g4+ 72. Kg3 d5 73. Kf2 Kh4 74. Ke3 g3 75. Ke2 Kh3 76. Kf1 Kh2 77. a6 Rxb6
78. Ke2 Rxa6 79. Kf3 g2 80. Kf4 g1=Q 81. Ke5 Qg5+ 82. Kd4 Ra4+ 83. Kc5 Qc1+ 84.
Kd6 Ra6+ 85. Ke5 Qc3+ 86. Kf4 Rf6+ 87. Kg4 Qg3+ 88. Kh5 Rf8 89. Kh6 Rh8# 0-1